Geography Quiz

Random Geography or State Quiz

States Out of Place Quiz Stats

Quiz Updated Jul 8, 2015

Also try: US Cities on a Map
Challenge
Share
Tweet
Score 0/25 Timer 03:00
4 Plays Today
% Correct
California
84.3%
Alaska
81.1%
Nevada
80.9%
Texas
76.6%
New York
76.6%
Idaho
76%
Maryland
75.4%
Louisiana
73.1%
Massachusetts
71.5%
Illinois
71%
New Jersey
71%
Minnesota
68.8%
West Virginia
66.5%
% Correct
North Carolina
64.9%
Wisconsin
63.6%
Ohio
61.6%
Missouri
61.1%
Iowa
61.1%
Washington
60%
Montana
57.8%
Arkansas
56.7%
Delaware
56.6%
Maine
54.2%
Georgia
49.9%
South Carolina
45.4%

You're not logged in!

Compare scores with friends on all Sporcle quizzes.
Join for Free
OR
Log In

You Might Also Like...

Show Comments

Extras

Top Quizzes Today


Score Distribution

Your Account Isn't Verified!

In order to create a playlist on Sporcle, you need to verify the email address you used during registration. Go to your Sporcle Settings to finish the process.

Report this User

Report this user for behavior that violates our Community Guidelines.

Details: